01183nmm a2200289 a 4500003000900000005001700009008004100026020001800067040001300085100002400098245008600122260002600208300001900234500011600253500005600369500004600425504003100471650003000502650003300532650002300565650002500588650002300613651001100636651002100647653002300668711020200691AR-BaBNM20251128204039.0276019s1981 ||||||||||||||000 | spa|| a92-3-301908-X cAR-BaBNM1 aBlat Gimeno, José10aLa educación en América Latina y el Caribe en el último tercio del siglo XX aParísbUnescoc19810 a210 p.btablas1 aUNESCO: Organización de las Naciones Unidas para la organización de la Educación, la Ciencia y la Cultura0 aCEPAL: Comisión Económica para América Latina0 aOEA: Organización de Estados Americanos aBibliografía: p. 209-210 4aCOOPERACION INTERNACIONAL 4aORGANIZACION DE LA EDUCACION 4aEDUCACION Y EMPLEO 4aEDUCACION PERMANENTE 4aPOLITICA EDUCATIVA 4aCaribe 4aAmérica Latina aEDUCACION SUPERIOR2 aConferencia regional de Ministros de Educación y de Ministros encargados de la Planificación Económica de los Estados Miembros de América Latina y del CaribecMéxico, D.F., Méxicod1979